Delirio y metáfora (Record no. 178153)

MARC details
000 -LEADER
campo de control de longitud fija 01166nam a2200289 i 4500
001 - NÚMERO DE CONTROL
campo de control 178153
003 - IDENTIFICADOR DE NÚMERO DE CONTROL
campo de control ES-MaACL
005 - FECHA Y HORA DE LA ÚLTIMA TRANSACCIÓN
campo de control 20260504130852.0
008 - DATOS DE LONGITUD FIJA--INFORMACIÓN GENERAL
campo de control de longitud fija 110519s2000 cl af |||| | spa d
020 ## - NÚMERO INTERNACIONAL ESTÁNDAR DEL LIBRO
Número Internacional Estándar del Libro 956-8027-01-7
080 ## - NÚMERO DE LA CLASIFICACIÓN DECIMAL UNIVERSAL
Número de la Clasificación Decimal Universal 821.134.2(83)-4"19"
080 ## - NÚMERO DE LA CLASIFICACIÓN DECIMAL UNIVERSAL
Número de la Clasificación Decimal Universal 821.134.2(83) Huidobro, Vicente 1.06
080 ## - NÚMERO DE LA CLASIFICACIÓN DECIMAL UNIVERSAL
Número de la Clasificación Decimal Universal 821.133.1 Breton, André 106
080 ## - NÚMERO DE LA CLASIFICACIÓN DECIMAL UNIVERSAL
Número de la Clasificación Decimal Universal 82-1.09"19"
100 1# - ENTRADA PRINCIPAL--NOMBRE DE PERSONA
Nombre de persona Rodríguez S., Marta.
9 (RLIN) 146621
245 10 - MENCIÓN DEL TÍTULO
Título Delirio y metáfora
Resto del título : Vicente Huidobro y André Bretón : ensayos de investigaciones en biopoética /
Mención de responsabilidad, etc. Marta Rodríguez S. ; [ilustraciones de metáforas, Alejandro Ríos].
260 ## - PUBLICACIÓN, DISTRIBUCIÓN, ETC.
Lugar de publicación, distribución, etc. Providencia, Santiago (Chile) :
Nombre del editor, distribuidor, etc. Delirio Poético,
Fecha de publicación, distribución, etc. [2000]
300 ## - DESCRIPCIÓN FÍSICA
Extensión 195 p. :
Otras características físicas il. col. ;
Dimensiones 21 cm.
504 ## - NOTA DE BIBLIOGRAFÍA, ETC.
Nota de bibliografía, etc. Bibliografía: p.189-193.
600 14 - PUNTO DE ACCESO ADICIONAL DE MATERIA--NOMBRE DE PERSONA
Nombre de persona Huidobro, Vicente,
Fechas asociadas al nombre 1893-1948-
Subdivisión general Crítica e interpretación
9 (RLIN) 64671
600 14 - PUNTO DE ACCESO ADICIONAL DE MATERIA--NOMBRE DE PERSONA
Nombre de persona Breton, André,
Fechas asociadas al nombre 1896-1966-
Subdivisión general Crítica e interpretación
9 (RLIN) 31625
650 07 - PUNTO DE ACCESO ADICIONAL DE MATERIA--TÉRMINO DE MATERIA
Término de materia o nombre geográfico como elemento de entrada Creacionismo (Literatura)
9 (RLIN) 11406
852 ## - LOCALIZACIÓN
Ubicación ES-MaACL
itemnumber 185012
Sublocalización o colección R.145595
Número de control de estantería A-11210
Signatura antigua Olim: N-4214
Ubicación en estantería Depósito 1
942 ## - ELEMENTOS DE ENTRADA SECUNDARIOS (KOHA)
Fuente del sistema de clasificación o colocación Clasificación decimal universal
Tipo de ítem Koha Libro impreso
Holdings
Estatus retirado Estado de pérdida Fuente del sistema de clasificación o colocación Estado de daño No para préstamo Biblioteca de origen Biblioteca actual Ubicación en estantería Fecha de adquisición Fuente de adquisición Total de préstamos Signatura topográfica completa Código de barras Visto por última vez Precio de reemplazo Tipo de ítem Koha
    Clasificación decimal universal     Biblioteca del Ateneo de Madrid Biblioteca del Ateneo de Madrid Depósito 1 19/05/2011 Compra   A-11210 1187147 23/02/2023 23/02/2023 Libro impreso